| 000 | 01118nam a22002657a 4500 | ||
|---|---|---|---|
| 003 | PE SENCICO BE | ||
| 005 | 20251020182642.0 | ||
| 008 | 230921b |||||||| |||| 00| 0 eng d | ||
| 040 |
_aPE SENCICO BE _cPE SENCICO BE |
||
| 041 | _aspa | ||
| 084 |
_aI _aLAB _a2017 _bO64 |
||
| 100 | 1 |
_91588 _aOre Cahuari, Percy Alex _eautor |
|
| 245 | 1 |
_aEnsayos de control de calidad en concreto fresco / _cOre Cahuari, Percy Alex |
|
| 260 |
_aLima : _c2017 |
||
| 300 |
_a60 hojas : _bilustraciones a color, diagramas ; _c30 cm. |
||
| 502 | _aMonografía de Titulación.-- Servicio Nacional de Capacitación para la Industria de la Construcción. Escuela Superior Técnica. Carrera Profesional Técnica en Laboratorio de Suelos, Concreto y Asfalto, 2017. | ||
| 504 | _aBibliografía. h. 60 | ||
| 650 | 1 | 0 |
_9573 _aConcreto |
| 650 | 2 | 0 |
_91402 _aTecnología del concreto |
| 650 | 2 | 0 |
_9485 _aControl de calidad |
| 650 | 2 | 0 |
_91263 _aLaboratorio de ensayo de materiales |
| 710 | 1 |
_aServicio Nacional de Capacitación para la Industria de la Construcción. _bEscuela Superior Técnica _91065 |
|
| 910 |
_bhfp _chfp |
||
| 942 | _cMON | ||
| 999 |
_c4317 _d4317 |
||